| 000 | 00621nam a22001817a 4500 | ||
|---|---|---|---|
| 999 |
_c11898 _d11898 |
||
| 008 | 190111b ||||| |||| 00| 0 eng d | ||
| 020 | _a971-707-102-0 | ||
| 082 |
_2©2002 _aDFil 301.599 _bZ849 |
||
| 100 |
_aZulueta, Francisco M. _933837 |
||
| 245 |
_aGeneral sociology/ _cFrancisco M. Zulueta |
||
| 250 | _aRevised edition | ||
| 260 |
_aMandaluyong City: _bAcademic Publishing Corporation, _c©2002 |
||
| 300 |
_avii, 233 pages: _billustrations; _c25 cm. |
||
| 500 | _aIncludes bibliographical references, glossary and index. | ||
| 650 |
_aSociology _zPhilippines _933838 |
||
| 365 |
_b240.00 _cPhp. |
||
| 942 |
_2ddc _cDFIL |
||